<?xml version="1.0" encoding="UTF-8"?>
<record
    xmlns:xsi="http://www.w3.org/2001/XMLSchema-instance"
    xsi:schemaLocation="http://www.loc.gov/MARC21/slim http://www.loc.gov/standards/marcxml/schema/MARC21slim.xsd"
    xmlns="http://www.loc.gov/MARC21/slim">

  <leader>00477nam a22001937a 4500</leader>
  <controlfield tag="003">OSt</controlfield>
  <controlfield tag="005">20251231152207.0</controlfield>
  <controlfield tag="008">210324b           ||||| |||| 00| 0 eng d</controlfield>
  <datafield tag="020" ind1=" " ind2=" ">
    <subfield code="a">9788131611227</subfield>
  </datafield>
  <datafield tag="082" ind1=" " ind2=" ">
    <subfield code="a">641.300954</subfield>
    <subfield code="b">N13S</subfield>
  </datafield>
  <datafield tag="100" ind1=" " ind2=" ">
    <subfield code="a">Nagla, Madhu</subfield>
  </datafield>
  <datafield tag="245" ind1=" " ind2=" ">
    <subfield code="a">Sociology of food</subfield>
    <subfield code="c">by Madhu Nagla</subfield>
  </datafield>
  <datafield tag="260" ind1=" " ind2=" ">
    <subfield code="a">Jaipur</subfield>
    <subfield code="b">Rawat Publications</subfield>
    <subfield code="c">2020</subfield>
  </datafield>
  <datafield tag="300" ind1=" " ind2=" ">
    <subfield code="a">278p.</subfield>
  </datafield>
  <datafield tag="546" ind1=" " ind2=" ">
    <subfield code="a">English</subfield>
  </datafield>
  <datafield tag="650" ind1=" " ind2=" ">
    <subfield code="a">Nutrition</subfield>
  </datafield>
  <datafield tag="650" ind1=" " ind2=" ">
    <subfield code="a">Food--Social aspects</subfield>
  </datafield>
  <datafield tag="942" ind1=" " ind2=" ">
    <subfield code="2">ddc</subfield>
    <subfield code="c">BK</subfield>
  </datafield>
  <datafield tag="999" ind1=" " ind2=" ">
    <subfield code="c">24166</subfield>
    <subfield code="d">24166</subfield>
  </datafield>
  <datafield tag="952" ind1=" " ind2=" ">
    <subfield code="0">0</subfield>
    <subfield code="1">0</subfield>
    <subfield code="2">ddc</subfield>
    <subfield code="4">0</subfield>
    <subfield code="7">0</subfield>
    <subfield code="8">TXB</subfield>
    <subfield code="a">CURAJ</subfield>
    <subfield code="b">CURAJ</subfield>
    <subfield code="c">SCW</subfield>
    <subfield code="d">2021-03-24</subfield>
    <subfield code="e">Academic Book Centre</subfield>
    <subfield code="g">1195.00</subfield>
    <subfield code="i">ABC/2020-21/217/03/03/2021</subfield>
    <subfield code="o">641.300954 N13S</subfield>
    <subfield code="p">35853</subfield>
    <subfield code="r">2021-03-24</subfield>
    <subfield code="w">2021-03-24</subfield>
    <subfield code="y">BK</subfield>
  </datafield>
  <datafield tag="952" ind1=" " ind2=" ">
    <subfield code="0">0</subfield>
    <subfield code="1">0</subfield>
    <subfield code="2">ddc</subfield>
    <subfield code="4">0</subfield>
    <subfield code="7">0</subfield>
    <subfield code="8">TXB</subfield>
    <subfield code="a">CURAJ</subfield>
    <subfield code="b">CURAJ</subfield>
    <subfield code="c">SCW</subfield>
    <subfield code="d">2021-03-24</subfield>
    <subfield code="e">Academic Book Centre</subfield>
    <subfield code="g">1195.00</subfield>
    <subfield code="i">ABC/2020-21/217/03/03/2021</subfield>
    <subfield code="o">641.300954 N13S</subfield>
    <subfield code="p">35854</subfield>
    <subfield code="r">2021-03-24</subfield>
    <subfield code="w">2021-03-24</subfield>
    <subfield code="y">BK</subfield>
  </datafield>
  <datafield tag="952" ind1=" " ind2=" ">
    <subfield code="0">0</subfield>
    <subfield code="1">0</subfield>
    <subfield code="2">ddc</subfield>
    <subfield code="4">0</subfield>
    <subfield code="7">0</subfield>
    <subfield code="8">TXB</subfield>
    <subfield code="a">CURAJ</subfield>
    <subfield code="b">CURAJ</subfield>
    <subfield code="c">SCW</subfield>
    <subfield code="d">2021-03-24</subfield>
    <subfield code="e">Academic Book Centre</subfield>
    <subfield code="g">1195.00</subfield>
    <subfield code="i">ABC/2020-21/217/03/03/2021</subfield>
    <subfield code="o">641.300954 N13S</subfield>
    <subfield code="p">35855</subfield>
    <subfield code="r">2021-03-24</subfield>
    <subfield code="w">2021-03-24</subfield>
    <subfield code="y">BK</subfield>
  </datafield>
</record>
